Detalles MARC
| 000 -LIDER |
| fixed length control field |
01180nam a2200277 a 4500 |
| 001 - NÚMERO DE CONTROL |
| Identificador de número de control |
|
| 003 - IDENTIFICACDOR DE NÚMERO DE CONTROL |
| control field |
OSt |
| 005 - DATE AND TIME OF LATEST TRANSACTION |
| control field |
20220113101658.0 |
| 008 - ELEMENTOS DE LONGITUD FIJA |
| fixed length control field |
081127s2000 dr 000 0 spa d |
| 020 ## - ISBN |
| International Standard Book Number |
9993410071 |
| 040 ## - FUENTE DE CATALOGACIÓN |
| Agencia que crea de manera original el registro |
DO-SdBNP |
| Idioma de catalogación |
spa |
| Agencia que realiza la transcripción |
BPMSU |
| 082 ## - NÚMERO DE CLASIFICACIÓN DECIMAL DE DEWEY |
| Classification number |
959.7043 |
| Item number |
B742v 2000 |
| Edition number |
22 |
| 100 1# - ASIENTO PRINCIPAL -- NOMBRE PERSONAL |
| Nombre personal |
Bosch, Juan, |
| Fechas asociadas con el nombre |
1909-2001 |
| 9 (RLIN) |
1 |
| 245 10 - MENCIÓN DE TITULO |
| Título |
Viaje a los antípodas / |
| Mención de responsabilidad |
Juan Bosch. |
| 250 ## - MENCIÓN DE EDICION |
| Mención de edición |
6a ed. |
| 260 ## - PUBLICACIÓN, DISTRIBUCIÓN, ETC. (PIE DE IMPRENTA) |
| Lugar de publicación, distribución, etc |
Santo Domingo : |
| Nombre del editor, distribuidor, etc. |
Alfa & Omega, |
| Fecha de publicación, distribución, etc |
2000 |
| 300 ## - DESCRIPCIÓN FÍSICA |
| Extensión |
239 p. ; |
| Dimensiones |
21 cm. |
| 505 0# - NOTA DE CONTENIDO |
| Título |
Asia y el sudeste asiático -- |
| -- |
Viaje a los antípodas -- |
| -- |
Los papeles del pentágono -- |
| -- |
La teoría del dominó -- |
| -- |
El papel del mentiroso -- |
| -- |
El hombre clave de los Estados Unidios en Viet Nam del Sur -- |
| -- |
¿Quién provocó la guerra de Viet Nam del Sur? -- |
| -- |
Los años de Kennedy -- |
| -- |
Comentarios anónimos sobre la guerra de Indochina -- |
| -- |
Dos conferencias sobre Viet Nam y Cambodia -- |
| -- |
Dos discursos por Radio Comercial. |
| 590 ## - NOTA LOCAL |
| Enlace |
Inventariado, 2022/VM |
| 650 #4 - ENCABEZAMIENTO DE MATERIA--TEMÁTICO |
| Término temático o nombre geográfico como elemento de entrada |
Guerra de Vietnam |
| Subdivisión cronológica |
1961-1975 |
| 651 #4 - ENCABEZAMIENTO DE MATERIA--NOMBRE GEOGRÁFICO |
| Nombre geográfico |
Vietnam |
| Subdivisión temática general |
Historia |
| 651 #4 - ENCABEZAMIENTO DE MATERIA--NOMBRE GEOGRÁFICO |
| Nombre geográfico |
Asia Sudoriental |
| Subdivisión temática general |
Historia |
| 651 #4 - ENCABEZAMIENTO DE MATERIA--NOMBRE GEOGRÁFICO |
| Nombre geográfico |
Estados Unidos |
| Subdivisión temática general |
Política Militar |
| 910 ## - VALIDACIÓN |
| Validación |
VMateo V. |
| 942 ## - ADDED ENTRY ELEMENTS (KOHA) |
| Source of classification or shelving scheme |
Dewey Decimal Classification |
| Koha item type |
Libros |